[Event "BL 2016-17"]
[Site "Berlin"]
[Date "2017.04.29"]
[Round "13"]
[White "Gerigk, Erasmus"]
[Black "Schenk, Andreas"]
[Result "0-1"]
[WhiteElo "2342"]
[BlackElo "2453"]
[Annotator "TA"]
[PlyCount "99"]
[EventDate "2017.??.??"]
[EventType "team-tourn"]
[EventCountry "GER"]
[SourceTitle "playchess.com"]
[Source "ChessBase"]
[SourceQuality "1"]
[WhiteTeam "Zugzwang München"]
[BlackTeam "Bayern München"]

{[%evp 19,99,19,25,4,2,4,52,35,55,0,0,0,0,-15,-7,-14,-12,-5,-21,-91,-89,-89,-92,-89,-85,-89,-94,-94,-94,-100,-100,-113,-95,-91,-85,-81,-87,-96,-85,-111,-90,-97,-97,-97,-97,-97,-97,-97,-97,-97,-92,-92,-70,-70,-70,-70,-70,-70,-70,-152,-152,-145,-70,-70,0,-137,-137,-134,-93,-530,-428,-1521,-1431,-1200,-935,-29970,-29971,-29971,-29972,-29971,-29970,-29938]} 1. Nf3 Nf6 2. c4 e6 3. g3 b6 4. Bg2 Bb7 5. d4 Be7 6. O-O O-O 7. Nc3 Ne4 8. Qc2 Nxc3 9. Qxc3 Na6 {[%cal Bb8a6,Ba6b4,Bb4d3][%mdl 32] E19: Queen's Indian: Old Main Line with 7...Ne4 8 Qc2 Nxc3 8 Qxc3} (9... d6 10. b3 Nd7 11. Bb2 Be4 12. Bh3 Bf6 13. Rad1 Qe7 14. Rd2 a5 15. Qe3 Bb7 16. d5 Bxb2 17. dxe6 Bf6 18. exd7 Qxe3 19. fxe3 {½-½ (63) Giri,A (2773)-Eljanov,P (2755) Wijk aan Zee 2017}) 10. Rd1 c5 {LiveBook: 3 Games} 11. Be3 $146 (11. Bf4 d6 12. Qc2 Nb4 13. Qd2 Qc8 14. a3 Nc6 15. d5 Nd4 16. Nxd4 cxd4 17. Qb4 Qc7 18. dxe6 Bxg2 19. exf7+ Rxf7 20. Kxg2 {½-½ (40) Weber,K (2304)-Kurgansky,V (2425) ICCF email 2013}) 11... Rc8 {The position is equal.} 12. Rac1 Nb4 13. Qb3 cxd4 14. Bxd4 (14. Nxd4 $14 Bxg2 15. Kxg2) 14... d5 $11 15. a3 dxc4 16. Qa4 {[#]} (16. Rxc4 $5 {seems wilder.} Bd5 17. Rxc8 Bxb3 18. Rxd8 Rxd8 19. Rc1) 16... Nd3 $1 {[%cal Rd3c1][%mdl 512]} 17. exd3 Bxf3 $1 18. Bxf3 Qxd4 19. Rxc4 (19. Qxa7 $11 Bc5 20. Rc2) 19... Rxc4 $17 (19... Qxb2 $2 20. Rxc8 Rxc8 21. Qd7 $18) 20. Qxc4 Qxb2 21. a4 Qb4 22. Qxb4 Bxb4 {[%mdl 4096] Endgame KRB-KRB} 23. d4 Rd8 24. d5 {[#]} e5 $1 25. Be4 g6 26. g4 Kf8 27. Rc1 Bc5 28. Kf1 Ke7 29. Ke2 Rf8 30. g5 {[#]} h6 $1 {[%mdl 512]} 31. h4 (31. gxh6 Rh8) 31... hxg5 32. hxg5 Rh8 {Threatens to win with ...Rh4.} 33. Rh1 Rxh1 34. Bxh1 {KB-KB} Ba3 35. Kf3 Bc1 36. Kg4 $1 Kd6 37. Be4 Kc5 38. Bc2 Ba3 ({Of course not} 38... Kxd5 $6 39. Bb3+ Kd6 40. Bxf7 $11) 39. f4 (39. Bb3 $15) 39... exf4 ({Inferior is} 39... Kxd5 40. Bb3+ Kd6 41. Bxf7 $11) 40. Kxf4 Bc1+ (40... Kxd5 41. Bb3+ Kc5 42. Bxf7 $15) ({Black should play} 40... Kd4 $17 41. Bd1 Bd6+ 42. Kf3 Kxd5 43. Bb3+ Ke5) 41. Kg4 $15 Ba3 (41... Kd6 $15) 42. Kf4 $1 $17 Kd4 ({Don't take} 42... Kxd5 43. Bb3+ Kc5 44. Bxf7 $15) 43. Bd1 Bd6+ 44. Kg4 $2 {[%mdl 8192]} (44. Kf3 $17 {was the crucial defense.}) 44... a6 $19 {[%cal Ba7a6,Ba6b5,Bb5b4,Bb4b3][%mdl 32]} 45. Kf3 (45. Be2 $142 b5 46. axb5) 45... b5 46. axb5 axb5 47. Bc2 Kc3 {Black mates.} 48. Bb1 b4 49. Ke3 b3 50. Bd3 0-1

[Event "BL 2016-17"]
[Site "Berlin"]
[Date "2017.04.29"]
[Round "13"]
[White "Buckels, Valentin"]
[Black "Handke, Florian"]
[Result "1-0"]
[WhiteElo "2309"]
[BlackElo "2532"]
[Annotator "TA"]
[PlyCount "83"]
[EventDate "2017.??.??"]
[EventType "team-tourn"]
[EventCountry "GER"]
[SourceTitle "playchess.com"]
[Source "ChessBase"]
[SourceQuality "1"]
[WhiteTeam "Mülheim Nord"]
[BlackTeam "Solingen"]

{[%evp 22,83,27,24,22,25,27,16,66,0,0,0,9,0,167,167,173,161,171,177,174,168,184,168,184,183,195,181,191,177,189,182,185,175,173,165,194,191,197,194,216,205,209,198,212,204,217,210,423,279,511,338,531,212,262,253,1181,1176,1106,1068,29987,29988,29995,29996]} 1. d4 Nf6 2. c4 g6 3. Nf3 Bg7 4. g3 d5 5. cxd5 Nxd5 6. Bg2 Nb6 7. Nc3 Nc6 8. e3 O-O 9. O-O Re8 10. h3 a5 {D76: Fianchetto Grünfeld: Main Line with 7...Nb6} 11. d5 Nb4 (11... Ne5 12. Nxe5 Bxe5 13. e4 e6 14. Bh6 exd5 15. exd5 Bd7 16. Re1 a4 17. Rc1 Ra5 18. Qd3 {1-0 (52) Bacrot,E (2720)-Cheparinov,I (2682) Dubai 2014}) 12. e4 {LiveBook: 20 Games} c6 {[%cal Rc6d5] White has an edge.} 13. a3 Na6 14. Be3 Nc4 15. Bd4 ({White should try} 15. Qe2 $14 Bxc3 16. Qxc4 (16. bxc3 Nxe3 17. Qxe3 cxd5 $14) 16... Bxb2 17. Rad1 (17. dxc6 Bxa1 18. Ng5 Rf8 19. Rxa1 e5 $11) 17... cxd5 18. Qb3 (18. Qxd5 Qxd5 19. Rxd5 a4 $15) (18. exd5 Bf6 $11) (18. Rxd5 Be6 19. Rxd8 Bxc4 20. Rxe8+ Rxe8 $17)) 15... e5 $11 16. dxe6 f6 $146 (16... Bxe6 $5 {is more complex.} 17. Ne2 Bxd4 18. Nfxd4 Qb6 19. Qc2 Ne5) (16... Bxe6 17. Bxg7 Kxg7 18. Qe2 {0-1 (54) Farago,S (2375)-Fogarasi,T (2440) Budapest 1993}) 17. b3 {[%cal Bb2b3,Bb3c4][%mdl 32]} c5 $2 (17... Ne5 $11 {and Black is okay.}) 18. bxc4 $18 cxd4 19. Nd5 $36 {[%mdl 2048] Black is under strong pressure.} Bxe6 20. Nxd4 Bf7 21. Rb1 Nc5 22. Qc2 Ra6 23. Rfd1 Rd6 24. Rb5 b6 25. Kh2 Rf8 26. Rbb1 Kh8 27. Nb5 {[%cal Bd4b5,Bb5c3,Bc3d1,Bd1e3,Be3f5][%mdl 32]} Rd7 28. Nbc3 f5 29. exf5 gxf5 30. f4 (30. Nxb6 Rxd1 31. Nxd1 f4 $11) 30... Rd6 31. Nxb6 Rxd1 32. Nxd1 Qd4 {intending ...Nd3.} 33. Nd5 ({Don't go for} 33. Qxf5 $2 Bg6 34. Qg4 Bxb1 $19) 33... Ne4 34. N1e3 Bg6 $2 (34... Bxd5 {was worth a try.} 35. Nxd5 a4) 35. a4 Re8 $2 (35... Qd2 {was called for.} 36. Qxd2 Nxd2) 36. h4 h5 {[#]} (36... Nxg3 $142 37. c5 (37. Kxg3 Rxe3+ 38. Nxe3 Qxe3+ 39. Bf3 Be5 40. Rb8+ Kg7 41. Rb7+ Kf8 $16) 37... Rxe3) 37. Re1 $2 (37. c5 $1) 37... Nc3 {[#]} 38. Qc1 $1 ({Stronger than} 38. Nxf5 Rxe1 39. Nxd4 Bxc2 40. Nxc2 Re2 $17) 38... Nxa4 $2 {[#]} (38... Qd3 39. c5 Re6) 39. Nxf5 $1 {[%mdl 512]} Rxe1 (39... Bxf5 40. Rxe8+) 40. Qxe1 Qa1 41. Qe6 Kh7 42. Nde7 1-0

[Event "BL 2016-17"]
[Site "Berlin"]
[Date "2017.04.29"]
[Round "13"]
[White "Eichler, Christoph"]
[Black "Schneider, Stefan"]
[Result "1/2-1/2"]
[WhiteElo "2304"]
[BlackElo "2356"]
[Annotator "NA"]
[PlyCount "50"]
[EventDate "2017.??.??"]
[EventType "team-tourn"]
[EventCountry "GER"]
[SourceTitle "playchess.com"]
[Source "ChessBase"]
[SourceQuality "1"]
[WhiteTeam "Zugzwang München"]
[BlackTeam "Bayern München"]
[TimeControl "40/6000+30:3000+30"]

1. Nf3 {[%emt 0:00:00]} d5 {[%emt 0:00:48]} 2. d4 {[%emt 0:00:00]} Nf6 {[%emt 0:01:03]} 3. c4 {[%emt 0:00:00]} dxc4 {[%emt 0:00:57]} 4. e3 {[%emt 0:00:21]} Bg4 {[%emt 0:00:49]} 5. Bxc4 {[%emt 0:00:40]} e6 {[%emt 0:00:04]} 6. h3 {[%emt 0:01:34]} Bh5 {[%emt 0:00:17]} 7. Nc3 {[%emt 0:00:31]} Nc6 {[%emt 0:01:52]} 8. O-O {[%emt 0:09:55]} Bd6 {[%emt 0:02:04]} 9. Be2 {[%emt 0:07:47]} O-O {[%emt 0:00:24]} 10. Nb5 {[%emt 0:05:28]} Be7 {[%emt 0:10:14]} 11. a3 {[%emt 0:07:25]} a6 {[%emt 0:13:35]} 12. Nc3 {[%emt 0:00:12]} Bd6 {[%emt 0:00:08]} 13. b4 {[%emt 0:02:16]} Qe8 {[%emt 0:16:19]} 14. Bb2 {[%emt 0:13:24]} e5 {[%emt 0:20:20]} 15. Nxe5 {[%emt 0:10:17]} Bxe2 {[%emt 0:00:41]} 16. Nxe2 {[%emt 0:00:16]} Nxe5 {[%emt 0:00:25]} 17. dxe5 {[%emt 0:00:04]} Bxe5 {[%emt 0:00:09]} 18. Bxe5 {[%emt 0:04:34]} Qxe5 {[%emt 0:00:07]} 19. Qd4 {[%emt 0:00:14]} Qe7 {[%emt 0:05:43]} 20. Qc4 {[%emt 0:06:55]} Rac8 {[%emt 0:04:48]} 21. Rac1 {[%emt 0:03:40]} Rfd8 {[%emt 0:06:30]} 22. Nd4 {[%emt 0:02:57]} Rd5 {[%emt 0:03:07]} 23. Nb3 {[%emt 0:01:41]} c6 {[%emt 0:01:07]} 24. Rfd1 {[%emt 0:02:37]} Rcd8 {[%emt 0:00:25]} 25. Rd4 {[%emt 0:03:04]} Rxd4 {[%emt 0:04:06]} 1/2-1/2

[Event "BL 2016-17"]
[Site "Berlin"]
[Date "2017.04.29"]
[Round "13"]
[White "Commercon, Simon"]
[Black "Naiditsch, Arkadij"]
[Result "0-1"]
[WhiteElo "2285"]
[BlackElo "2702"]
[Annotator "TA"]
[PlyCount "50"]
[EventDate "2017.??.??"]
[EventType "team-tourn"]
[EventCountry "GER"]
[SourceTitle "playchess.com"]
[Source "ChessBase"]
[SourceQuality "1"]
[WhiteTeam "Speyer-Schwegenheim"]
[BlackTeam "Baden-Baden"]

{[%evp 25,50,-16,-21,-131,-97,-109,-129,-141,-112,-177,-170,-243,-244,-240,-234,-243,-236,-247,-224,-299,-304,-444,-400,-423,-403,-525,-504]} 1. d4 Nf6 2. c4 g6 3. g3 Bg7 4. Bg2 O-O 5. Nc3 d6 6. Nf3 Nbd7 7. O-O e5 8. e4 Re8 9. h3 exd4 10. Nxd4 Nc5 11. Re1 Bd7 12. Bf4 h6 13. g4 {E68: King's Indian: Fianchetto: 6...Nbd7 7 0-0 e5 8 e4} h5 {[%cal Rh5g4] [#] LiveBook: 7 Games} 14. Bg5 $146 (14. f3 $1 $11) (14. f3 hxg4 15. hxg4 Ne6 16. Be3 Nxd4 17. Bxd4 Be6 18. Nd5 {½-½ (18) Grachev,B (2672)-Demchenko,A (2610) St Petersburg 2012}) 14... hxg4 $17 15. hxg4 {Black is better.} Bxg4 16. Qd2 Qd7 17. Re3 (17. f3 $17) 17... Nh5 {[#] aiming for ...Bxd4.} 18. f3 (18. Ree1 $142) 18... Bxd4 $19 19. Qxd4 Ne6 20. Qd1 Nxg5 21. fxg4 Nf6 22. e5 c6 23. Qe2 (23. Qd4 {was the only defense.} dxe5 24. Qxd7 Nxd7 25. Rae1) 23... dxe5 ({Stronger than} 23... Nxg4 {[#]} 24. e6 $1 {[%mdl 512]} Rxe6 25. Qxg4 $14) 24. Rd1 Qxg4 25. Qf2 Nh5 0-1

[Event "BL 2016-17"]
[Site "Berlin"]
[Date "2017.04.29"]
[Round "13"]
[White "Grimm, Julius"]
[Black "Braun, Arik"]
[Result "1/2-1/2"]
[WhiteElo "2281"]
[BlackElo "2581"]
[Annotator "TA"]
[PlyCount "104"]
[EventDate "2017.??.??"]
[EventType "team-tourn"]
[EventCountry "GER"]
[SourceTitle "playchess.com"]
[Source "ChessBase"]
[SourceQuality "1"]
[WhiteTeam "Griesheim"]
[BlackTeam "Hockenheim"]

{[%evp 23,104,0,0,0,20,-3,80,-10,-20,-12,-12,-16,-8,-37,-14,-51,0,0,0,0,0,-37,0,0,51,39,86,50,81,14,0,0,0,-18,-8,-9,-10,-91,-89,-84,-75,-79,-77,-88,-77,-71,-73,-90,-91,-90,0,0,0,0,0,0,0,-55,0,-11,0,0,0,0,0,0,0,0,0,0,0,0,0,0,0,0,0,0,0,0,0,0,0]} 1. d4 Nf6 2. c4 e6 3. Nc3 Bb4 4. e3 b6 5. Nge2 c5 6. a3 Ba5 7. Rb1 Na6 8. g3 Bb7 {E42: Nimzo-Indian: Rubinstein: 4...c5 5 Ne2} 9. d5 b5 10. Bg2 bxc4 11. e4 (11. O-O O-O 12. e4 d6 13. Qa4 exd5 14. Nxd5 Nxd5 15. exd5 Bb6 16. Nc3 {1-0 (67) Aleksandrov,A (2568)-Nabaty,T (2644) Yerevan 2016}) 11... exd5 12. exd5 O-O {LiveBook: 7 Games} 13. O-O d6 14. Qa4 Nd7 (14... Bb6 $11) 15. Bf4 (15. Qxc4 $6 Ne5 16. Qa4 Bb6 $11) (15. Nb5 $16) 15... Bxc3 $146 (15... Bc7 16. Qxc4 {1-0 (38) Neuman,P (2455)-Poetz,F (2255) Aschach 2008}) 16. Nxc3 Nb6 17. Qc2 Nc7 {[%cal Rb6d5]} 18. Rbd1 Qd7 19. a4 a5 (19... Na6 $1 $15) 20. Ne4 $36 {[%mdl 2048] White has the initiative.} Ne8 (20... Ncxd5 $6 21. Bxd6 Rfe8 22. Bxc5 $16 (22. Ng5 g6 23. Bxc5 Qc8 $14)) 21. Rfe1 h6 ({Much weaker is} 21... Nxd5 $6 {[#]} 22. Rxd5 $1 {[%mdl 512]} (22. Nxd6 Nb4 23. Qxc4 Bxg2 24. Kxg2 Nxd6 25. Rxd6 Qb7+ 26. f3 Rfd8 $16) 22... Bxd5 23. Ng5 $16) ({Don't capture} 21... Bxd5 $2 22. Ng5 (22. Nxd6 Bxg2 23. Kxg2 Nxd6 24. Rxd6 Qxa4 $15) 22... f5 23. Rxd5 $18) 22. Nc3 Ba6 23. Be4 f5 ({Black should play} 23... Nf6 $11) 24. Bg2 $14 {[%mdl 1024] White has compensation.} Rd8 25. Re6 Nc8 26. Bh3 (26. Qe2 $16) 26... Qf7 $1 $11 27. Re2 Nc7 28. Bg2 Nb6 29. h4 Bb7 {[%cal Rc7d5]} 30. Nb5 (30. Qd2 $11 {keeps the balance.}) 30... Nxb5 $17 31. axb5 Nxd5 32. Qxc4 {[%cal Rg2d5]} Nxf4 33. Qxf4 Bxg2 34. Kxg2 Qb7+ 35. Kh2 Qxb5 36. Red2 Rf6 (36... a4 $17 37. Rxd6 Rxd6 38. Rxd6 Qxb2) 37. Rxd6 $11 Rdxd6 38. Rxd6 Rxd6 39. Qxd6 {[%mdl 4096] Endgame KQ-KQ} c4 40. Kg1 ({Better is} 40. Qe6+ $11 Kh7 41. h5) 40... a4 (40... Kh7 $15 41. Qd4 a4) 41. h5 {The position is equal.} Kh8 42. Qe6 f4 43. gxf4 Qxh5 44. Qxc4 Qg4+ 45. Kh2 Qd7 46. Qe4 Kg8 47. Kg3 Kf7 48. Qc4+ Kf6 49. Qc3+ Kf7 50. Qc4+ Kf8 51. Qb4+ Kg8 52. Qe4 Kf7 1/2-1/2

[Event "BL 2016-17"]
[Site "Berlin"]
[Date "2017.04.29"]
[Round "13"]
[White "Flierl, Pascal"]
[Black "Meier, Georg"]
[Result "0-1"]
[WhiteElo "2216"]
[BlackElo "2621"]
[Annotator "TA"]
[PlyCount "90"]
[EventDate "2017.??.??"]
[EventType "team-tourn"]
[EventCountry "GER"]
[SourceTitle "playchess.com"]
[Source "ChessBase"]
[SourceQuality "1"]
[WhiteTeam "Speyer-Schwegenheim"]
[BlackTeam "Baden-Baden"]

{[%evp 14,90,0,-24,-24,-16,-14,-23,-16,-16,-16,-12,-16,-12,-12,-29,-27,-28,-28,-27,-25,-22,-17,-32,-21,-37,-32,-37,-30,-52,-52,-50,-48,-56,-58,-58,-52,-62,-54,-53,-39,-49,-34,-61,-60,-55,-52,-55,-53,-60,-55,-69,-63,-79,-62,-74,-74,-106,-112,-108,-78,-135,-100,-188,-156,-369,-360,-570,-563,-569,-569,-620,-535,-628,-494,-631,-629,-585,-561]} 1. e4 e6 2. d4 d5 3. Nc3 Nf6 4. exd5 exd5 5. Bd3 Nc6 6. Nge2 Nb4 7. Bg5 Be7 8. O-O {LiveBook: 8 Games} c6 {C01: French: Exchange Variation} (8... O-O 9. Ng3 h6 10. Bf4 Bd6 11. Bxd6 Qxd6 12. h3 Re8 13. a3 Nxd3 14. Qxd3 Bd7 {½-½ (14) Del Rey,D (2375)-Gleizerov,E (2531) Las Palmas 2015}) 9. Re1 O-O 10. Ng3 Nxd3 {Black has an edge.} 11. Qxd3 h6 12. Bf4 Re8 13. Re2 Bf8 14. Rae1 (14. h3 $5 {creates asymmetry.} Be6 15. Rae1 a5 16. a4 Bb4 17. Re3) 14... Rxe2 15. Rxe2 Be6 $146 (15... Bg4 16. f3 {½-½ (26) Wegerle,J (2430)-Trella,T (2392) Germany 2015}) 16. Nd1 Qd7 17. f3 Rc8 18. Nf2 b6 19. c3 c5 20. Be5 Ne8 21. Qd2 f6 22. Bf4 Nd6 23. Bxd6 Bxd6 24. Nf1 Bf7 25. Ne3 Bf8 26. g3 Rd8 27. Kg2 a5 28. Nd3 c4 29. Nf2 b5 30. a3 Rb8 {[%cal Bd8b8,Bb8b6,Bb6a6][%mdl 32]} 31. Nh3 b4 32. axb4 axb4 33. Ng4 Rb6 34. Nf4 h5 35. Nf2 g5 $36 {[%mdl 2048] [#] White must now prevent ...bxc3. Keeping White busy.} 36. N4h3 Bg6 37. Ng1 (37. Nd1 $142) 37... b3 {[%cal Bb4b3,Bb3c2][%mdl 32]} 38. Re1 (38. Nd1 $17 {was worth a try.}) 38... Ra6 39. Ne2 $2 {[#]} (39. Nd1 $17 {was called for.}) 39... Qf5 $19 40. Nc1 (40. Nd1 $142 Re6 41. Ne3) 40... Qc2 {Black is clearly winning.} 41. Qxc2 bxc2 42. Kf1 Rb6 43. Ke2 Rxb2 44. Kd2 Kf7 45. Nh3 Ba3 0-1

[Event "BL 2016-17"]
[Site "Berlin"]
[Date "2017.04.29"]
[Round "13"]
[White "Nothnagel, Marian Can"]
[Black "Boguslawski, Oleg"]
[Result "0-1"]
[WhiteElo "2121"]
[BlackElo "2435"]
[Annotator "TA"]
[PlyCount "68"]
[EventDate "2017.??.??"]
[EventType "team-tourn"]
[EventCountry "GER"]
[SourceTitle "playchess.com"]
[Source "ChessBase"]
[SourceQuality "1"]
[WhiteTeam "Griesheim"]
[BlackTeam "Hockenheim"]

{[%evp 29,68,17,20,4,7,0,8,14,54,-7,0,-10,-7,-62,-65,-54,-61,-50,-52,-56,0,-124,-12,-348,-118,-226,-235,-217,-222,-1033,-989,-801,-378,-1226,-1077,-29982,-29983,-29983,-29984,-29984,-29985]} 1. e4 c5 2. Nf3 Nc6 3. d4 cxd4 4. Nxd4 Nf6 5. Nc3 e5 6. Ndb5 d6 7. Bg5 a6 8. Na3 b5 9. Nd5 Be7 10. Bxf6 Bxf6 11. c4 b4 12. Nc2 Rb8 13. b3 O-O {B33: Sicilian: Pelikan and Sveshnikov Variations} 14. h4 Be7 15. g3 Be6 {[#] LiveBook: 12 Games. The position is equal.} 16. Nce3 $146 ({Predecessor (16):} 16. Bg2 Rb7 17. O-O Qb8 18. Qd3 Bd8 19. Rad1 {1-0 (42) Caruana,F (2767)-Tregubov,P (2599) Sochi 2012}) 16... Nd4 17. Bg2 Qd7 18. O-O g6 {[%cal Bg7g6,Bg6f5][%mdl 32]} 19. h5 (19. a3 $14) 19... Bd8 20. f4 f5 21. exf5 (21. Rf2 $11) 21... gxf5 $15 ({Of course not} 21... Nxf5 $6 22. fxe5 dxe5 23. hxg6 hxg6 24. Qg4 $14) (21... Bxf5 22. g4 (22. Nxf5 gxf5 23. h6 Kh8 $11) 22... Be6 23. hxg6 $14) 22. Kh2 Qg7 23. Bh3 Kh8 24. Rc1 h6 (24... a5 $15) 25. Rg1 {[#]} (25. Nc2 $11) 25... Rg8 (25... e4 $1 $17 {Hoping for ...Rg8.} 26. Bg2 Rg8) 26. c5 $2 {[%mdl 8192] [#]} (26. Nc2 $11 {and White is okay.}) 26... Qf7 $2 (26... Rb5 $1 $19 27. Bf1 Rxc5 28. Rxc5 dxc5) 27. fxe5 (27. Rc4 $17 {might work better.}) 27... dxe5 $19 28. Nf4 Bg5 ({Worse is} 28... exf4 29. Qxd4+ Bf6 30. Qxf4 $11) 29. Nc4 $2 (29. Ng6+ Rxg6 30. hxg6 Qxg6 31. Nc4) 29... Bxf4 ({Inferior is} 29... exf4 30. Qxd4+ Qg7 31. Ne5 fxg3+ 32. Rxg3 $11) 30. gxf4 Rxg1 (30... Bxc4 $142 31. bxc4 Rxg1 32. Kxg1 Rg8+ 33. Bg2 Qg7) 31. Kxg1 $2 (31. Nxe5 Rxd1 32. Nxf7+ Bxf7 33. Rxd1) 31... Rg8+ 32. Kf2 Qf6 {Black mates.} 33. Nxe5 Qh4+ 34. Ke3 Qxh3+ 0-1

[Event "BL 2016-17"]
[Site "Berlin"]
[Date "2017.04.30"]
[Round "14"]
[White "Vachier-Lagrave, Maxime"]
[Black "Ragger, Markus"]
[Result "1-0"]
[WhiteElo "2803"]
[BlackElo "2677"]
[Annotator "TA"]
[PlyCount "89"]
[EventDate "2017.??.??"]
[EventType "team-tourn"]
[EventCountry "GER"]
[SourceTitle "playchess.com"]
[Source "ChessBase"]
[SourceQuality "1"]
[WhiteTeam "Baden-Baden"]
[BlackTeam "Solingen"]

{[%evp 11,89,7,20,5,9,0,5,0,0,0,0,0,7,8,0,-79,-62,-53,-63,-50,-58,-38,0,-50,-31,-32,-40,-59,0,0,0,0,0,0,0,0,0,7,163,120,93,140,129,77,85,86,80,82,84,91,85,87,91,94,94,95,94,89,129,115,125,125,132,131,121,113,112,127,135,108,5389,5347,5297,5265,5385,4526,1312,1144,1049,1010]} 1. Nf3 Nf6 2. g3 g6 3. Bg2 Bg7 4. d4 O-O 5. O-O d5 6. Nbd2 a5 {[%cal Ba7a5,Ba5a4][%mdl 32] LiveBook: 31 Games} 7. b3 $146 {D02: 1 d4 d5 2 Nf3 sidelines, including 2...Nf6 3 g3 and 2...Nf6 3 Bf4} ({Predecessor (50):} 7. c4 c6 8. b3 Bf5 9. Bb2 a4 10. Nh4 Be6 11. e3 Na6 12. Bc3 Nc7 13. h3 Nce8 14. Bb4 axb3 15. axb3 Nd6 16. Qc2 Re8 17. Kh2 {0-1 (63) Wen,Y (2611)-Nepomniachtchi,I (2719) Moscow 2016}) 7... a4 8. Ba3 Ne4 9. Nxe4 {The position is equal.} dxe4 10. Ne5 f6 11. Nc4 f5 12. e3 Nc6 13. f4 (13. c3 $11) 13... b5 14. Ne5 Bxe5 $1 15. fxe5 b4 16. Bb2 e6 17. Qd2 Ba6 18. Rfd1 Qd5 19. Rac1 Rfd8 (19... Rfb8 $15) 20. c4 $11 (20. bxa4 {[#]} Nxe5 $1 {[%mdl 512]} 21. Qxb4 Rdb8 $17) 20... bxc3 21. Qxc3 Bb5 22. Qe1 $1 Qd7 23. d5 exd5 24. Rc5 Rab8 $2 (24... Bd3 $11 {and Black has nothing to worry.}) 25. Qc3 $36 {[%mdl 2048] And now e6! would win. White is on the roll.} Qe6 26. Bf1 Na7 {[#]} 27. Rcxd5 $3 {[%mdl 512]} (27. Rxc7 $142 Bxf1 28. Rxa7 (28. Rxf1 Nb5 29. Rc6 Nxc3 $17)) 27... Rxd5 $16 28. Rxd5 Bxf1 (28... Qxd5 29. e6 Kf8 30. Qg7+ Ke8 31. Bxb5+ (31. Qxh7 Qxe6 32. Qh8+ Kd7 33. Qxb8 Bxf1 34. Qxa7 Bb5 $11) 31... c6 32. Qf7+ Kd8 33. Bf6+ Kc8 34. Ba6+ (34. Qxa7 Rxb5 35. e7 Qd1+ 36. Kg2 Qf3+ 37. Kg1 Qd1+ 38. Kg2 Qf3+ 39. Kh3 Qh5+ 40. Kg2 Qe2+ 41. Kg1 Qd1+ $11) (34. Bxa4 Qd1+ 35. Kg2 Qf3+ 36. Kh3 Qg4+ 37. Kg2 Qf3+ 38. Kh3 Qg4+ 39. Kg2 Qf3+ $11) (34. bxa4 cxb5 35. Qxa7 Ra8 36. Qxh7 Qxe6 37. Qh8+ Kb7 38. Qg7+ Kc8 $11) 34... Rb7 35. Qxb7#) 29. Qxc7 Rc8 (29... Nc6 $2 30. Rd7 (30. Rd6 Qc8 31. Rxc6 Qxc7 32. Rxc7 Bb5 $16) 30... Re8 31. Rg7+ (31. Kxf1 axb3 32. Rg7+ Kf8 $16) (31. bxa4 Ba6 32. Rg7+ Kf8 $16) 31... Kf8 32. Rxh7 $18 (32. Kxf1 axb3 33. Rxh7 Re7 34. Rxe7 Nxe7 $16)) 30. Qxa7 {Hoping for Rd7.} f4 (30... Qxd5 31. e6 Qb7 32. Qxb7 Rc7 33. Qb8+ Rc8 34. Qxc8#) 31. Qd4 Bd3 {...f3 is the strong threat.} 32. Rd8+ Rxd8 33. Qxd8+ Kf7 34. exf4 Qg4 35. Qd5+ Ke8 36. Qg8+ Kd7 {( -> ...Qd1+)} 37. e6+ ({Wrong is} 37. Qxh7+ $2 Kc6 38. Qxg6+ Qxg6 $19) 37... Qxe6 38. Qxh7+ Kc6 {aiming for ...Qg4.} 39. Be5 (39. bxa4 {gets mated.} Qg4 40. Kg2 e3 41. Qc7+ Kxc7 42. h4 Be4+ 43. Kh2 Qe2+ 44. Kh3 Bg2+ 45. Kh2 Bf3+ 46. Kh3 Bg4#) 39... axb3 40. a4 e3 $2 {[%mdl 8192]} (40... b2 $16 41. Qc7+ (41. Bxb2 {is a self mate.} Qg4 42. Kg2 e3 43. Qc7+ Kxc7 44. h4 Be4+ 45. Kh2 Qe2+ 46. Kh3 Bg2+ 47. Kh2 Bf3+ 48. Kh3 Bg4#) 41... Kd5 42. Bxb2 e3) 41. Qc7+ $18 {White is clearly winning.} Kd5 42. Qd8+ Ke4 43. Qd4+ Kf3 44. Qxd3 Qc8 45. Bc3 1-0

[Event "BL 2016-17"]
[Site "Berlin"]
[Date "2017.04.30"]
[Round "14"]
[White "Anand, Viswanathan"]
[Black "Lorens-Ristovic, Lami"]
[Result "1-0"]
[WhiteElo "2786"]
[BlackElo "2099"]
[Annotator "TA"]
[PlyCount "61"]
[EventDate "2017.??.??"]
[EventType "team-tourn"]
[EventCountry "GER"]
[SourceTitle "playchess.com"]
[Source "ChessBase"]
[SourceQuality "1"]
[WhiteTeam "Baden-Baden"]
[BlackTeam "Solingen"]

{[%evp 17,61,42,37,31,31,26,26,25,35,24,37,28,35,38,66,69,67,64,60,49,65,83,85,74,59,48,47,47,47,29,136,144,126,129,137,131,231,134,219,217,326,410,388,366,681,683]} 1. e4 e5 2. Nf3 Nc6 3. Bb5 Bc5 4. c3 f5 5. d4 fxe4 6. Bxc6 dxc6 7. Nxe5 Bd6 8. Qh5+ g6 9. Qe2 Bf5 {LiveBook: 9 Games. C64: Ruy Lopez: Classical Defence (3...Bc5) except 4 0-0 Nf6} 10. h3 (10. Nd2 Bxe5 11. dxe5 Qd5 12. Nc4 Be6 13. b3 O-O-O 14. O-O Qd3 15. Qb2 Bxc4 16. bxc4 Qxc4 17. Qa3 {½-½ (28) Motylev,A (2704)-Sokolov,I (2654) Poikovsky 2010}) 10... Qe7 11. Bf4 Nf6 {White has an edge.} 12. Nd2 {[%cal Bb1d2,Bd2c4,Bc4e5][%mdl 32]} O-O-O 13. O-O $146 (13. Ndc4 Be6 14. Bh2 Nd7 15. Nxd6+ cxd6 16. Nxd7 Bxd7 17. Qe3 {½-½ (17) Van Delft,M (2424)-Ris,R (2416) Wijk aan Zee 2013}) 13... Rhg8 14. Bh2 h5 15. Ndc4 Nd5 16. f3 exf3 17. Qxf3 Bxe5 18. Nxe5 Qh7 19. c4 Ne7 20. Rad1 Kb8 21. g4 hxg4 22. hxg4 Be6 23. Qf6 Bc8 (23... Rh8 $11 24. Rf2 Rd6) 24. Nf7 $36 {[%mdl 2048] White is in control.} Rd7 {[#]} 25. Ng5 $1 {[%cal Rg5h7]} Qh4 26. Qf4 Rh8 {[#]} (26... b6 $16) 27. Bg3 (27. Rd3 $1 $18) 27... Qh6 (27... Nd5 $16 28. cxd5 (28. Bxh4 Nxf4 29. Rxf4 Rxh4 $11) 28... Qh1+ 29. Kf2 Qxd5) 28. Kg2 $18 b6 (28... Rg8 {keeps fighting.} 29. Rh1 Qf8 30. Qxf8 Rxf8) 29. Qe5 Re8 30. Rh1 Qf8 $2 (30... Nd5) 31. Ne6 1-0